| 000 | 01252nam a2200193Ia 4500 | ||
|---|---|---|---|
| 003 | GCL | ||
| 008 | 140319s9999 xx 000 0 ara d | ||
| 040 |
_aGCL / _cGCL |
||
| 082 | 0 | 4 |
_aط _b813.02 _bد ص |
| 100 | 1 | _aيوسف فرنسيس | |
| 245 | 1 | 0 |
_aصندوق الدنيا - مغامرات ليلى - القطة بوسى - البجعة الطيبة - ابريق الشاى الحزين - السيدة العجوز والنمر- النخلة الذهبية - علاء وحده فى العالم- حارة ستوتة-ملكة الجزر-الكرة المسحورة-حكاية الاسد سلطان-الصفارة المسحورة-البطة الشقية-ميمون قرد الفضاء-الحمير الناصحة-الصياد الصغير-امنية اميرة-سمور فى الغابة-الدرس الاول-شجرةالصفصاف-الغراب الفنان-الحذاء الراقص-حمار عم حسان-حلم زنوبة-كروان-السيارة الضائعة / _cيوسف فرنسيس |
| 260 |
_aالقاهرة : _bدار المعارف ، _c1991 |
||
| 300 |
_aمتعدد ؛ _c24 سم |
||
| 490 |
_aصندوق الدنيا _v0 |
||
| 650 | 0 | 4 | _aالاطفال |
| 650 | 0 | 4 | _aالقصص |
| 650 | 0 | 4 | _aقصص الاطفال |
| 942 |
_2ddc _cBK |
||
| 999 |
_c57385 _d57385 |
||